Random New England Sports Trivia - Statistics

General Stats
  • This quiz has been taken 35 times
  • The average score is 6 of 15
Answer Stats
Hint Answer % Correct
How many times have the Bruins won the Stanley Cup? 6
100%
How many Super Bowls have the Patriots won? 6
100%
In Game 2 of the 2004 World Series, which Red Sox player fittingly had a bloody sock? Curt Schilling
100%
Which Celtics player scored 60 points in a game on March 12, 1985? Larry Bird
100%
What is the Celtics mascot? Lucky the Leprechaun
100%
Who is the rival quarterback of Tom Brady? Peyton Manning
100%
Who holds the Patriots record for most receiving yards in a game with 217 in 2011? Wes Welker
100%
What country is David Ortiz from? Dominican Republic
83%
What is the Celtics/Bruins' stadium? TD Garden
83%
What is David Ortiz's nickname? Big Papi
80%
When was Fenway Park built? 1912
67%
Who is widely considered to be the greatest Bruin of all time? Bobby Orr
67%
How many World Series have the Red Sox won? Nine
67%
Which Red Sox player is the last player to have an average of over .400 in a season? Ted Williams
67%
What year where the Celtics founded? 1946
60%
Which Red Sox player let the ball slowly roll between his legs, allowing the Mets to score the winning run in the 1986 world series? Bill Buckner
60%
In 2020, Tom Brady surpassed who by 10 Touchdowns for the record of All-time passing Touchdowns? Drew Brees
60%
Which Patriots Running Back won Offensive Rookie of the Year in 1995? Curtis Martin
50%
Which Patriots quarterback was injured, allowing Tom Brady to step in? Drew Bledsoe
50%
What stadium to the Patriots play in? Gillette Stadium
50%
Who was the Red Sox' leading batter in 2018? Mookie Betts
50%
Who is the Red Sox Mascot? Wally the Green Monster
50%
How many World Series have the Red Sox won? 9
40%
What town do the patriots play in? Foxborough
40%
Which quarterback completely and utterly failed to replace Tom Brady? Cam Newton
38%
When were the Red Sox founded? 1901
33%
What year did "The curse" come to an end? 2004
33%
Which Celtic won 5 MVP awards? Bill Russell
33%
In what Super Bowl did the Patriots make an epic comeback to the Falcons? Super Bowl LI
33%
Who did the Patriots lose to in Tom Brady's final game with them? Tennessee Titans
33%
Which Red Sox player stole 70 bases in a single season in 2009? Jacob Ellsbury
29%
What were the Patriots name before New England Patriots? Boston Patriots
25%
Who did the Celtics trade to the Brooklyn Nets in 2013? Paul Pierce
25%
Who was the first Red Sox pitcher to get 300 strikeouts in a season? Pedro Martinez
25%
Which Bruin, nicknamed "Big Z", pondered retirement in 2020 but did not retire? Zdeno Chara
25%
What running back did the Patriots acquire from the Bengals in 2004? Corey Dillon
20%
What is Mookie Betts' real first name? Marcus
20%
Who is the Patriots mascot? Pat Patriot
20%
For how many years did "The Curse of the Bambino" last for? 86
17%
How many times have the Celtics won the NBA Finals? 17
0%
In what year where the Bruins founded? 1924
0%
When did the Celtics win their first championship? 1957
0%
What year were the Patriots founded? 1960
0%
In what year was Bobby Orr selected to the Hall Of Fame? 1979
0%
Which Celtic won the Rookie of the Year Award in 1980? Larry Bird
0%
Which Patriots receiver broke the record for receiving touchdowns in a season? Randy Moss
0%
Which Bruins coach has the highest winning percentage? Tom Johnson
0%
No matching quizzes found
Score Distribution
Percent of People with Each Score
Percentile by Number Answered
Your Score History
You have not taken this quiz